[Event "Asker CC-ch"]
[Site "Asker"]
[Date "2013.01.14"]
[Round "4"]
[White "Cevro, Tom"]
[Black "Aulin Jansson, Joran"]
[Result "0-1"]
[WhiteElo "1288"]
[BlackElo "2244"]
[PlyCount "84"]
[EventDate "2013.01.14"]
[EventType "swiss"]
[EventRounds "9"]
[EventCountry "NOR"]
[SourceTitle "EXT 2024"]
[Source "ChessBase"]
[SourceDate "2023.10.10"]
[SourceVersion "1"]
[SourceVersionDate "2023.10.10"]
[SourceQuality "1"]

1. e4 c5 2. Nf3 d6 3. c3 Nf6 4. Bb5+ Bd7 5. Bxd7+ Qxd7 6. e5 dxe5 7. Nxe5 Qd5 8. Nf3 e6 9. 0-0 Nc6 10. Qa4 Be7 11. d4 0-0 12. h3 Rfd8 13. Be3 e5 14. dxe5 Nxe5 15. Nxe5 Qxe5 16. Nd2 Nd5 17. Nf3 Qf5 18. Rfe1 a6 19. c4 Nb4 20. Rad1 Nc2 21. Rxd8+ Rxd8 22. Rc1 Nxe3 23. fxe3 Qe4 24. Kf2 h5 25. Qc2 Rd3 26. Qe2 Bf6 27. b3 g5 28. Rd1 Rxd1 29. Qxd1 g4 30. hxg4 hxg4 31. Nd2 Bh4+ 32. g3 Qf5+ 33. Kg2 Bg5 34. Qe2 Qe6 35. Kf2 f5 36. Qd3 Kf7 37. Qd5 Bxe3+ 38. Ke2 Bxd2+ 39. Kxd2 Qxd5+ 40. cxd5 Kf6 41. Ke3 Ke5 42. a3 b5 0-1

[Event "Asker CC-ch"]
[Site "Asker"]
[Date "2012.03.19"]
[Round "6"]
[White "Cevro, Tom"]
[Black "Benn, Neil"]
[Result "1-0"]
[WhiteElo "1259"]
[BlackElo "1641"]
[PlyCount "73"]
[EventDate "2012.01.16"]
[EventType "tourn"]
[EventRounds "9"]
[EventCountry "NOR"]
[SourceTitle "EXT 2024"]
[Source "ChessBase"]
[SourceDate "2023.10.10"]
[SourceVersion "1"]
[SourceVersionDate "2023.10.10"]
[SourceQuality "1"]

1. e4 c5 2. Nf3 a6 3. d4 cxd4 4. Nxd4 Nf6 5. Nc3 e5 6. Nb3 Bb4 7. Qd3 Bxc3+ 8. bxc3 0-0 9. Be3 d5 10. exd5 Qxd5 11. Be2 Qxg2 12. 0-0-0 Qg6 13. Qd2 Kh8 14. Rhg1 Qf5 15. Rg5 Qe6 16. Rxg7 Ne4 17. Rxh7+ Kxh7 18. Bd3 f5 19. Bxe4 fxe4 20. Qe2 Rf3 21. Bc5 Qg6 22. Rd6 Qf5 23. Nd2 Nd7 24. Be3 Nf6 25. Nxf3 exf3 26. Qc4 Kg7 27. Rd8 b5 28. Qc5 Nd7 29. Qe7+ Qf7 30. Qg5+ Qg6 31. Rg8+ Kxg8 32. Qxg6+ Kf8 33. Bh6+ Ke7 34. Bg5+ Kf8 35. Qd6+ Kf7 36. Qe7+ Kg6 37. h4 1-0

[Event "Asker CC-ch"]
[Site "Asker"]
[Date "2012.01.16"]
[Round "1"]
[White "Cevro, Tom"]
[Black "Lindblom, Roar"]
[Result "1-0"]
[WhiteElo "1259"]
[BlackElo "1737"]
[PlyCount "111"]
[EventDate "2012.01.16"]
[EventType "tourn"]
[EventRounds "9"]
[EventCountry "NOR"]
[SourceTitle "EXT 2024"]
[Source "ChessBase"]
[SourceDate "2023.10.10"]
[SourceVersion "1"]
[SourceVersionDate "2023.10.10"]
[SourceQuality "1"]

1. e4 e5 2. Nf3 Nc6 3. Bc4 Nf6 4. Nc3 Bc5 5. d3 h6 6. Qe2 d6 7. h3 Bd7 8. Be3 Bb6 9. Bxb6 axb6 10. Nd5 0-0 11. a3 Nh7 12. c3 Ne7 13. Ne3 Ng6 14. g3 Be6 15. Bxe6 fxe6 16. d4 Qf6 17. Nd2 exd4 18. Ng4 Qf7 19. cxd4 Nf6 20. Nxf6+ Qxf6 21. Qe3 c5 22. Nb3 Qf3 23. Qxf3 Rxf3 24. Nd2 Rd3 25. dxc5 dxc5 26. Ke2 Rad8 27. Rad1 Ne5 28. f4 Nc6 29. Nf3 Rb3 30. Rxd8+ Nxd8 31. Rb1 Nc6 32. h4 c4 33. g4 c3 34. Rc1 Rxb2+ 35. Kd3 Rg2 36. g5 Rg3 37. Ke3 hxg5 38. hxg5 e5 39. Rxc3 Nd4 40. fxe5 Nxf3 41. Kf4 Rxg5 42. Rxf3 Rg6 43. Kf5 Kf7 44. Rd3 Re6 45. Rd7+ Re7 46. Rd6 Rc7 47. Rxb6 Re7 48. e6+ Ke8 49. a4 Kd8 50. a5 Rc7 51. Rd6+ Ke7 52. e5 Ke8 53. Kg6 Re7 54. Rb6 Rc7 55. Kf5 Re7 56. a6 1-0

[Event "Asker CC-ch"]
[Site "Asker"]
[Date "2011.03.28"]
[Round "7"]
[White "Cevro, Tom"]
[Black "Pettersen, Kjell F"]
[Result "1-0"]
[WhiteElo "1220"]
[BlackElo "1515"]
[PlyCount "55"]
[EventDate "2011.01.17"]
[EventType "swiss"]
[EventRounds "9"]
[EventCountry "NOR"]
[SourceTitle "EXT 2024"]
[Source "ChessBase"]
[SourceDate "2023.10.10"]
[SourceVersion "1"]
[SourceVersionDate "2023.10.10"]
[SourceQuality "1"]

1. e4 c6 2. d4 d5 3. e5 Bf5 4. Bd3 Bxd3 5. Qxd3 e6 6. Nf3 Nd7 7. Be3 Qc7 8. Nbd2 c5 9. c3 Ne7 10. 0-0 Nf5 11. Rfe1 Nxe3 12. Rxe3 Be7 13. Nf1 0-0-0 14. b3 g5 15. g4 h5 16. h3 hxg4 17. hxg4 Rh6 18. Ng3 Rdh8 19. Kg2 f5 20. gxf5 g4 21. Ng1 Rh2+ 22. Kf1 Bg5 23. Ree1 Bf4 24. fxe6 Nxe5 25. dxe5 c4 26. Qf5 Rxf2+ 27. Kxf2 Qc5+ 28. Kg2 1-0